History of Auglaize County, Ohio : (Record no. 52252)

MARC details
000 -LEADER
fixed length control field 00791cam a22002411a 4500
001 - CONTROL NUMBER
control field rc 01002159
003 - CONTROL NUMBER IDENTIFIER
control field DLC
005 - DATE AND TIME OF LATEST TRANSACTION
control field 20260227111905.0
008 - FIXED-LENGTH DATA ELEMENTS--GENERAL INFORMATION
fixed length control field 830818s1880 ohua 000 0ceng
010 ## - LIBRARY OF CONGRESS CONTROL NUMBER
LC control number rc 01002159
035 ## - SYSTEM CONTROL NUMBER
System control number (OCoLC)9819119
040 ## - CATALOGING SOURCE
Original cataloging agency DLC
Transcribing agency MnHi
Modifying agency OCoLC
-- O
-- DLC
042 ## - AUTHENTICATION CODE
Authentication code premarc
050 00 - LIBRARY OF CONGRESS CALL NUMBER
Classification number F497.A9
Item number S9
100 1# - MAIN ENTRY--PERSONAL NAME
Personal name Sutton, Robert.
245 10 - TITLE STATEMENT
Title History of Auglaize County, Ohio :
Remainder of title with the Indian history of Wapakoneta, and the first settlement of the county.
260 ## - PUBLICATION, DISTRIBUTION, ETC.
Place of publication, distribution, etc. Wapakoneta, [Ohio] :
Name of publisher, distributor, etc. Robert Sutton,
Date of publication, distribution, etc. 1880.
300 ## - PHYSICAL DESCRIPTION
Extent viii, [13]-206 p. :
Other physical details ill. ;
Dimensions 21 cm.
500 ## - GENERAL NOTE
General note Preface signed: R.S.
650 #0 - SUBJECT ADDED ENTRY--TOPICAL TERM
Topical term or geographic name entry element Indians of North America
Geographic subdivision Ohio.
651 #0 - SUBJECT ADDED ENTRY--GEOGRAPHIC NAME
Geographic name Auglaize County (Ohio)
General subdivision History.
651 #0 - SUBJECT ADDED ENTRY--GEOGRAPHIC NAME
Geographic name Auglaize County (Ohio)
Form subdivision Biography.

No items available.

Powered by Koha